Geometría del espacio /

Guardado en:
Autor Principal: Alcántara, Lidia E.
Otros Autores: Lomazzi, Raquel, Mina, Félix
Formato: Libro
Publicado: Buenos Aires : Estrada, 1957
Materias:
Etiquetas: Agregar Etiqueta
Sin Etiquetas, Sea el primero en etiquetar este registro!
LEADER 01499nam a22002535a 4500
001 CEM.cems000395
005 20061106161024.0
008 130507s1957##################000#0#####d
003 CEMS
082 0 4 |a 513.3 
100 1 |a Alcántara, Lidia E. 
245 1 0 |a Geometría del espacio /  |c Lidia E. Alcántar ; raquel T. Lomazzi ; félix Mina 
260 |a Buenos Aires :  |b Estrada,  |c 1957 
300 |a 157 p. 
500 |a Texto de acuerdo con el programa oficial del 4to. año bachillerato y 5to. año magisterio 
505 0 |a Plano y espacio -- Perpendicularidad de rectas entre sí y de rectas y planos -- Rectas coplanares y alabeadas -- Angulos diedro convexo -- Angulo diedro llano -- Angulo diedro cóncavo -- Perpendicularidad de planos -- Angulos triedos y poliedros -- Poliedros -- Pirámide -- Superficie prismática -- Prisma indefinido -- Prisma -- Prisma recto -- Cilindro circular -- Superficie cónica circular -- Cono circular indefinido -- Superficie esférica -- Superficies -- Equivalencia de cuerpos geométricos -- Productos de segmentos -- Volumen de paralelepípedo rectángulo -- Volumen del prisma -- Volumen de la pirámide triangular -- Volumen del cono circular -- Volumen de la esfera 
653 |a Geometría 
653 |a Geometría del espacio 
653 |a Matemática 
653 |a Planos perpendiculares 
653 |a Rectas alabeadas 
700 1 |a Lomazzi, Raquel 
700 1 |a Mina, Félix 
859 |a CEMS  |b BIB. CEMS - 11 de abril  |h 513.3  |i Al16  |p 8565.80  |t Ej.1  |v IV-V  |3 IV-V